Big Data in Dental Research and Oral Healthcare (Record no. 8668)

MARC details
000 -LEADER
fixed length control field 01044nam a2200121Ia 4500
008 - FIXED-LENGTH DATA ELEMENTS--GENERAL INFORMATION
fixed length control field 220615s9999||||xx |||||||||||||| ||und||
245 #0 - TITLE STATEMENT
Title Big Data in Dental Research and Oral Healthcare
546 ## - LANGUAGE NOTE
Language note English[eng]
650 ## - SUBJECT ADDED ENTRY--TOPICAL TERM
Topical term or geographic name entry element digital transformation||rapid prototyping||augmented and virtual reality (AR/VR)||artificial intelligence (AI)||machine learning (ML)||personalized dental medicine||tele-health||patient-centered outcomes||integrated care, medical–dental integration, simulation model, dental research||oral medicine||oral healthcare||dentistry||gerodontology||elderly patient||big data||Big Data||digital dentistry||oral health||ethical issues||dental education||augmented reality (AR)||virtual reality (VR)||artificial intelligence||AI||machine learning||ML||cone beam computed tomography (CBCT)||intraoral scanning||facial scanning||healthcare cost||medical healthcare cost||dental healthcare cost||zero-inflated model||neural network
700 ## - ADDED ENTRY--PERSONAL NAME
Personal name Joda, Tim
856 ## - ELECTRONIC LOCATION AND ACCESS
Uniform Resource Identifier <a href="https://mdpi.com/books/pdfview/book/3566">https://mdpi.com/books/pdfview/book/3566</a>
942 ## - ADDED ENTRY ELEMENTS (KOHA)
Koha item type E-Books
Holdings
Withdrawn status Lost status Damaged status Not for loan Home library Current library Date acquired Total Checkouts Date last seen Price effective from Koha item type
        Kerala University of Digital Sciences, Innovation and Technology Knowledge Centre Kerala University of Digital Sciences, Innovation and Technology Knowledge Centre 15/06/2022   15/06/2022 15/06/2022 E-Books